000
00274nam a22001217a 4500
008
170322b xxu||||| |||| 00| 0 eng d
041
_a
eng
080
_a
616.12-008-073
100
_a
7
101
_a
SHM
245
_a
CARDIAC CONDUCTION SYSTEM
_c
BHARATI.S
942
_2
udc
_c
BK
999
_c
8326
_d
8326